Was ist Wirklichkeit?: Neuer Realismus und Hermeneutische Theologie

Cover -- Titel -- Vorwort -- Inhalt -- Malte Dominik Krüger: Begrüßung -- Friedemann Voigt: Grußwort -- Christof Landmesser: Grußwort -- Helmut Wöllenstein: Grußwort -- Malte Dominik Krüger: Die Realismus-Debatte und die Hermeneutische Theologie -- Markus Gabriel: Was ist (die) Wirklichkeit? -- Sach...

Full description

Saved in:  
Bibliographic Details
Authors: Gabriel, Markus 1980- (Author) ; Krüger, Malte Dominik 1974- (Author)
Format: Electronic Book
Language:German
Subito Delivery Service: Order now.
Check availability: HBZ Gateway
Interlibrary Loan:Interlibrary Loan for the Fachinformationsdienste (Specialized Information Services in Germany)
Published: Tübingen Mohr Siebeck [2018]
In:Year: 2018
Reviews:Was ist Wirklichkeit? Neuer Realismus und Hermeneutische Theologie (2019) (Ihben-Bahl, Sabine Joy, 1986 -)
Standardized Subjects / Keyword chains:B Reality / Speculative realism / Hermeneutics / Protestant theology
Further subjects:B Conference program 2017 (Marburg)
Online Access: Volltext (Aggregator)
Parallel Edition:Non-electronic

MARC

LEADER 00000cam a2200000 c 4500
001 1035331144
003 DE-627
005 20251224213057.0
007 cr uuu---uuuuu
008 181023s2018 xx |||||o 00| ||ger c
020 |a 9783161565991  |c  : electronic bk.  |9 978-3-16-156599-1 
020 |z 9783161565984 
035 |a (DE-627)1035331144 
035 |a (DE-599)GBV1035331144 
035 |a (EBC)EBC5552757 
040 |a DE-627  |b ger  |c DE-627  |e rda 
041 |a ger 
082 0 |a 261.51  |q SEPA 
082 0 |a 111  |q SEPA 
084 |a 1  |2 ssgn 
084 |a CC 6000  |q SEPA  |2 rvk  |0 (DE-625)rvk/17650: 
084 |a 08.37  |2 bkl 
084 |a 08.24  |2 bkl 
100 1 |e VerfasserIn  |0 (DE-588)131793462  |0 (DE-627)514260408  |0 (DE-576)29875214X  |4 aut  |a Gabriel, Markus  |d 1980- 
109 |a Gabriel, Markus 1980-  |a Gabriėlʹ, M. 1980-  |a Gaburieru, Marukusu 1980-  |a Ma leu ku seu Ga beu li el 1980-  |a Maleukuseu-Gabeuliel 1980-  |a Gabeuliel, Maleukuseu 1980-  |a Kabŭriel, Marŭk'usŭ 1980- 
245 1 0 |a Was ist Wirklichkeit?  |b Neuer Realismus und Hermeneutische Theologie  |c Markus Gabriel, Malte Dominik Krüger 
264 1 |a Tübingen  |b Mohr Siebeck  |c [2018] 
264 4 |c © 2018 
300 |a 1 Online-Ressource (124 pages) 
336 |a Text  |b txt  |2 rdacontent 
337 |a Computermedien  |b c  |2 rdamedia 
338 |a Online-Ressource  |b cr  |2 rdacarrier 
520 |a Cover -- Titel -- Vorwort -- Inhalt -- Malte Dominik Krüger: Begrüßung -- Friedemann Voigt: Grußwort -- Christof Landmesser: Grußwort -- Helmut Wöllenstein: Grußwort -- Malte Dominik Krüger: Die Realismus-Debatte und die Hermeneutische Theologie -- Markus Gabriel: Was ist (die) Wirklichkeit? -- Sachregister -- Namensregister 
601 |a Realismus 
601 |a Theologie 
655 7 |a Konferenzschrift  |y 2017  |z Marburg  |0 (DE-588)1071861417  |0 (DE-627)826484824  |0 (DE-576)433375485  |2 gnd-content 
689 0 0 |d s  |0 (DE-588)4066380-2  |0 (DE-627)106113666  |0 (DE-576)209164409  |2 gnd  |a Wirklichkeit 
689 0 1 |d s  |0 (DE-588)112707718X  |0 (DE-627)881466360  |0 (DE-576)484899007  |2 gnd  |a Spekulativer Realismus 
689 0 2 |d s  |0 (DE-588)4128972-9  |0 (DE-627)105713252  |0 (DE-576)209606614  |2 gnd  |a Hermeneutik 
689 0 3 |d s  |0 (DE-588)4015875-5  |0 (DE-627)104452455  |0 (DE-576)208913998  |2 gnd  |a Evangelische Theologie 
689 0 |5 DE-101 
700 1 |e VerfasserIn  |0 (DE-588)134189302  |0 (DE-627)562991611  |0 (DE-576)300365438  |4 aut  |a Krüger, Malte Dominik  |d 1974- 
776 1 |z 9783161565984 
776 0 8 |i Erscheint auch als  |n Druck-Ausgabe  |a Internationale Bultmann-Lecture (Veranstaltung : 1. : 2017 : Marburg)  |t Was ist Wirklichkeit?  |d Tübingen : Mohr Siebeck, 2018  |h 124 Seiten  |w (DE-627)1031615385  |w (DE-576)513975586  |z 9783161565984  |k Non-Electronic 
787 0 8 |i Rezensiert in  |a Ihben-Bahl, Sabine Joy, 1986 -   |t Was ist Wirklichkeit? Neuer Realismus und Hermeneutische Theologie  |d 2019  |w (DE-627)1798015358 
856 4 0 |u https://ebookcentral.proquest.com/lib/kxp/detail.action?docID=5552757  |x Aggregator  |3 Volltext  |7 1 
912 |a ZDB-30-PQE 
936 r v |a CC 6000  |b Abhandlungen  |k Philosophie  |k Systematische Philosophie  |k Ontologie und Metaphysik  |k Abhandlungen  |0 (DE-627)1270638939  |0 (DE-625)rvk/17650:  |0 (DE-576)200638939 
936 b k |a 08.37  |j Religionsphilosophie  |q SEPA  |0 (DE-627)106405578 
936 b k |a 08.24  |j Neue westliche Philosophie  |q SEPA  |0 (DE-627)106402641 
951 |a BO 
ACO |a 1 
BIB |a 1 
ELC |a 1 
ORI |a SA-MARC-ixtheo_oa001.raw 
REF |a Theologische Hermeneutik 
REL |a 1 
STA 0 0 |a Hermeneutics,Protestant theology,Reality,Reality,Speculative realism 
STB 0 0 |a Herméneutique,Réalisme spéculatif,Réalité,Réalité,Théologie protestante 
STC 0 0 |a Hermenéutica,Realidad,Realidad,Realismo especulativo,Teología evangélica 
STD 0 0 |a Ermeneutica,Realismo speculativo,Realtà,Realtà,Teologia evangelica 
STE 0 0 |a 新教神学,更正教神学,现实,现实,真实,真实,诠释学,解释学 
STF 0 0 |a 新教神學,更正教神學,現實,現實,真實,真實,詮釋學,解釋學 
STG 0 0 |a Hermenêutica,Realidade,Realidade,Realismo especulativo,Teologia evangélica 
STH 0 0 |a Герменевтика,Действительность (мотив),Действительность,Протестантское богословие,Спекулятивный реализм 
STI 0 0 |a Εικοτολογικός ρεαλισμός,Υποθετικός ρεαλισμός,Ερμηνευτική,Ευαγγελική θεολογία,Πραγματικότητα (μοτίβο),Πραγματικότητα 
SUB |a BIB  |a REL 
SYG 0 0 |a Realität,Realität , Neuer Realismus,Objektorientierte Philosophie,Objektorientierte Ontologie,OOP,OOO,Spekulativer Materialismus , Auslegung , Blätter zur kirchlichen Lage,Zwischen den Zeiten , Protestantische Theologie,Evangelische Kirche 
TIM |a 100020170101_100020171231  |b 2017 - 2017